[Event "Blitz 2018"]
[Site "Saint-Petersburg"]
[Date "2018.12.29"]
[Round "6"]
[Board "33"]
[White "Popov Ivan (RUS)"]
[Black "Sargissian Gabriel (ARM)"]
[Result "1/2-1/2"]
[LiveChessVersion "1.4.8"]
[BlackElo "2651"]
[WhiteElo "2560"]

1. e4 {[%clk 0:03:03]} e5 {[%clk 0:03:03]} 2. Nf3 {[%clk 0:03:04]} Nc6
{[%clk 0:03:05]} 3. Nc3 {[%clk 0:03:05]} Nf6 {[%clk 0:03:06]} 4. Bb5
{[%clk 0:03:06]} Bc5 {[%clk 0:03:02]} 5. d3 {[%clk 0:02:52]} d6 {[%clk 0:03:01]}
6. h3 {[%clk 0:02:39]} h6 {[%clk 0:03:00]} 7. O-O {[%clk 0:02:39]} O-O
{[%clk 0:03:00]} 8. a3 {[%clk 0:02:32]} Nd4 {[%clk 0:02:58]} 9. Nxd4
{[%clk 0:02:30]} Bxd4 {[%clk 0:02:59]} 10. Ne2 {[%clk 0:02:25]} Bb6
{[%clk 0:03:00]} 11. Bc4 {[%clk 0:02:19]} c6 {[%clk 0:02:59]} 12. Ba2
{[%clk 0:02:18]} d5 {[%clk 0:02:59]} 13. Ng3 {[%clk 0:02:14]} Be6
{[%clk 0:02:55]} 14. Re1 {[%clk 0:02:03]} Re8 {[%clk 0:02:44]} 15. Be3
{[%clk 0:01:57]} dxe4 {[%clk 0:01:54]} 16. Bxe6 {[%clk 0:01:51]} Rxe6
{[%clk 0:01:54]} 17. dxe4 {[%clk 0:01:44]} Bxe3 {[%clk 0:01:49]} 18. Rxe3
{[%clk 0:01:43]} 1/2-1/2

[Event "Blitz 2018"]
[Site "Saint-Petersburg"]
[Date "2018.12.29"]
[Round "6"]
[Board "34"]
[White "Geller Jakov (RUS)"]
[Black "Indjic Aleksandar (SRB)"]
[Result "0-1"]
[LiveChessVersion "1.4.8"]
[BlackElo "2643"]
[WhiteElo "2528"]

1. e4 {[%clk 0:03:02]} c6 {[%clk 0:03:02]} 2. d4 {[%clk 0:03:02]} d5
{[%clk 0:03:03]} 3. exd5 {[%clk 0:03:02]} cxd5 {[%clk 0:03:04]} 4. c3
{[%clk 0:03:02]} Nc6 {[%clk 0:03:04]} 5. Bf4 {[%clk 0:03:02]} g6 {[%clk 0:02:54]}
6. Bd3 {[%clk 0:03:00]} Bg7 {[%clk 0:02:55]} 7. h3 {[%clk 0:02:59]} Nf6
{[%clk 0:02:55]} 8. Nf3 {[%clk 0:02:59]} Bf5 {[%clk 0:02:55]} 9. O-O
{[%clk 0:02:58]} Bxd3 {[%clk 0:02:56]} 10. Qxd3 {[%clk 0:02:59]} O-O
{[%clk 0:02:57]} 11. Nbd2 {[%clk 0:02:59]} e6 {[%clk 0:02:58]} 12. Rfe1
{[%clk 0:02:59]} a6 {[%clk 0:02:54]} 13. a4 {[%clk 0:02:59]} Qb6 {[%clk 0:02:54]}
14. b4 {[%clk 0:02:41]} Rac8 {[%clk 0:02:54]} 15. a5 {[%clk 0:02:41]} Qd8
{[%clk 0:02:49]} 16. Nb3 {[%clk 0:02:14]} Na7 {[%clk 0:02:29]} 17. Nc5
{[%clk 0:02:13]} Qe7 {[%clk 0:02:30]} 18. Ne5 {[%clk 0:02:07]} Nb5
{[%clk 0:02:30]} 19. Re3 {[%clk 0:02:04]} Rfd8 {[%clk 0:01:43]} 20. Bg5
{[%clk 0:01:55]} h6 {[%clk 0:01:41]} 21. Bh4 {[%clk 0:01:45]} g5 {[%clk 0:01:41]}
22. Bg3 {[%clk 0:01:37]} Ne4 {[%clk 0:01:43]} 23. Rc1 {[%clk 0:01:02]} f5
{[%clk 0:01:21]} 24. f4 {[%clk 0:00:50]} Bxe5 {[%clk 0:01:15]} 25. dxe5
{[%clk 0:00:10]} Nxc5 {[%clk 0:01:06]} 26. bxc5 {[%clk 0:00:11]} Qxc5
{[%clk 0:01:06]} 27. Bf2 {[%clk 0:00:11]} Qc4 {[%clk 0:01:07]} 28. Qd1
{[%clk 0:00:12]} Qxf4 {[%clk 0:00:51]} 29. Qh5 {[%clk 0:00:13]} Kg7
{[%clk 0:00:52]} 30. Rf1 {[%clk 0:00:14]} Nxc3 {[%clk 0:00:38]} 31. Rxc3
{[%clk 0:00:05]} Rxc3 {[%clk 0:00:39]} 32. Bb6 {[%clk 0:00:05]} Rc1
{[%clk 0:00:40]} 33. Rxc1 {[%clk 0:00:06]} Qxc1+ {[%clk 0:00:40]} 34. Kh2
{[%clk 0:00:07]} Qf4+ {[%clk 0:00:40]} 35. Kg1 {[%clk 0:00:07]} Rc8
{[%clk 0:00:40]} 0-1

[Event "Blitz 2018"]
[Site "Saint-Petersburg"]
[Date "2018.12.29"]
[Round "6"]
[Board "35"]
[White "Maghsoodloo Parham (IRI)"]
[Black "Potapov Pavel (RUS)"]
[Result "1-0"]
[LiveChessVersion "1.4.8"]
[BlackElo "2542"]
[WhiteElo "2642"]

1. e4 {[%clk 0:03:03]} c5 {[%clk 0:03:03]} 2. Nf3 {[%clk 0:03:04]} Nc6
{[%clk 0:03:04]} 3. Bb5 {[%clk 0:03:05]} g6 {[%clk 0:03:05]} 4. O-O
{[%clk 0:03:06]} Bg7 {[%clk 0:03:06]} 5. Re1 {[%clk 0:03:07]} Nf6
{[%clk 0:03:07]} 6. Bxc6 {[%clk 0:03:03]} dxc6 {[%clk 0:03:07]} 7. d3
{[%clk 0:03:04]} O-O {[%clk 0:03:06]} 8. Nc3 {[%clk 0:03:01]} b6 {[%clk 0:03:06]}
9. a3 {[%clk 0:03:01]} Nd7 {[%clk 0:02:57]} 10. e5 {[%clk 0:02:43]} Re8
{[%clk 0:02:10]} 11. h3 {[%clk 0:02:41]} Nf8 {[%clk 0:02:09]} 12. b4
{[%clk 0:02:40]} cxb4 {[%clk 0:02:07]} 13. axb4 {[%clk 0:02:41]} Ne6
{[%clk 0:02:07]} 14. Be3 {[%clk 0:02:38]} Bb7 {[%clk 0:02:08]} 15. d4
{[%clk 0:02:29]} Nc7 {[%clk 0:02:06]} 16. Na4 {[%clk 0:02:04]} f6
{[%clk 0:01:23]} 17. c4 {[%clk 0:01:56]} Qd7 {[%clk 0:01:24]} 18. Qb3
{[%clk 0:01:52]} Kh8 {[%clk 0:01:24]} 19. Nc3 {[%clk 0:01:46]} c5
{[%clk 0:01:23]} 20. d5 {[%clk 0:01:48]} cxb4 {[%clk 0:01:19]} 21. e6
{[%clk 0:01:48]} Qd6 {[%clk 0:01:11]} 22. Ne4 {[%clk 0:01:47]} Qe5
{[%clk 0:01:04]} 23. Nxe5 {[%clk 0:01:46]} 1-0

[Event "Blitz 2018"]
[Site "Saint-Petersburg"]
[Date "2018.12.29"]
[Round "6"]
[Board "36"]
[White "Bindrich Falko (GER)"]
[Black "Kevlishvili Robby (NED)"]
[Result "0-1"]
[LiveChessVersion "1.4.8"]
[BlackElo "2530"]
[WhiteElo "2639"]

1. d4 {[%clk 0:03:03]} d5 {[%clk 0:03:03]} 2. c4 {[%clk 0:03:04]} c6
{[%clk 0:03:04]} 3. Nc3 {[%clk 0:03:05]} Nf6 {[%clk 0:03:05]} 4. e3
{[%clk 0:03:06]} e6 {[%clk 0:03:06]} 5. Nf3 {[%clk 0:03:07]} Nbd7
{[%clk 0:03:07]} 6. Qc2 {[%clk 0:03:08]} Bd6 {[%clk 0:03:08]} 7. Bd3
{[%clk 0:03:09]} O-O {[%clk 0:03:05]} 8. O-O {[%clk 0:03:09]} dxc4
{[%clk 0:03:00]} 9. Bxc4 {[%clk 0:03:10]} Qe7 {[%clk 0:03:00]} 10. e4
{[%clk 0:03:05]} e5 {[%clk 0:02:56]} 11. h3 {[%clk 0:03:05]} h6 {[%clk 0:02:53]}
12. Re1 {[%clk 0:02:54]} a5 {[%clk 0:02:51]} 13. Nh4 {[%clk 0:02:50]} exd4
{[%clk 0:02:37]} 14. Nf5 {[%clk 0:02:23]} Qe5 {[%clk 0:02:14]} 15. f4
{[%clk 0:02:23]} Qc5 {[%clk 0:02:15]} 16. Na4 {[%clk 0:01:31]} d3+
{[%clk 0:02:16]} 17. Nxc5 {[%clk 0:01:32]} Bxc5+ {[%clk 0:02:17]} 18. Qf2
{[%clk 0:01:32]} Bxf2+ {[%clk 0:02:16]} 19. Kxf2 {[%clk 0:01:33]} Nc5
{[%clk 0:02:17]} 20. Ne7+ {[%clk 0:01:28]} Kh8 {[%clk 0:02:18]} 21. Nxc8
{[%clk 0:01:23]} Raxc8 {[%clk 0:02:05]} 22. e5 {[%clk 0:01:24]} Nfe4+
{[%clk 0:02:06]} 23. Ke3 {[%clk 0:01:18]} Rcd8 {[%clk 0:01:52]} 24. Rd1
{[%clk 0:01:20]} Rd7 {[%clk 0:01:22]} 25. a4 {[%clk 0:01:12]} Rfd8
{[%clk 0:01:06]} 26. Bd2 {[%clk 0:01:02]} Nxd2 {[%clk 0:01:06]} 27. Rxd2
{[%clk 0:00:53]} b5 {[%clk 0:00:35]} 28. axb5 {[%clk 0:00:52]} cxb5
{[%clk 0:00:36]} 29. Rxa5 {[%clk 0:00:49]} Rd4 {[%clk 0:00:32]} 30. Bxf7
{[%clk 0:00:47]} Ne4 {[%clk 0:00:27]} 31. Rd1 {[%clk 0:00:39]} Ng3
{[%clk 0:00:28]} 32. e6 {[%clk 0:00:28]} Nf5+ {[%clk 0:00:26]} 33. Kf3
{[%clk 0:00:28]} Nh4+ {[%clk 0:00:17]} 34. Kf2 {[%clk 0:00:26]} Rxf4+
{[%clk 0:00:12]} 35. Ke3 {[%clk 0:00:27]} Nxg2+ {[%clk 0:00:12]} 36. Kd2
{[%clk 0:00:28]} Rf2+ {[%clk 0:00:13]} 37. Kc3 {[%clk 0:00:29]} Ne3
{[%clk 0:00:08]} 38. Rxd3 {[%clk 0:00:20]} Rc2+ {[%clk 0:00:09]} 39. Kb4
{[%clk 0:00:21]} Rxd3 {[%clk 0:00:09]} 40. e7 {[%clk 0:00:17]} Rxb2+
{[%clk 0:00:04]} 41. Kc5 {[%clk 0:00:18]} Rc2+ {[%clk 0:00:05]} 42. Kxb5
{[%clk 0:00:17]} Rc8 {[%clk 0:00:06]} 43. e8=Q+ {[%clk 0:00:13]} Rxe8
{[%clk 0:00:06]} 44. Bxe8 {[%clk 0:00:14]} Rd5+ {[%clk 0:00:04]} 45. Ka6
{[%clk 0:00:14]} Rxa5+ {[%clk 0:00:04]} 46. Kxa5 g5 47. Kb4 {[%clk 0:00:16]} Kg7
{[%clk 0:00:07]} 48. Kc5 {[%clk 0:00:17]} Kf6 {[%clk 0:00:08]} 49. Kd4
{[%clk 0:00:19]} Nf5+ {[%clk 0:00:09]} 50. Kd3 {[%clk 0:00:19]} Ke5
{[%clk 0:00:10]} 51. Ke2 {[%clk 0:00:20]} Kf4 52. Kf2 Nd6 {[%clk 0:00:12]} 53.
Bc6 {[%clk 0:00:23]} Ne4+ {[%clk 0:00:13]} 54. Kg2 {[%clk 0:00:24]} Nc3
{[%clk 0:00:14]} 55. Bb7 {[%clk 0:00:26]} Nd1 {[%clk 0:00:15]} 56. Kf1
{[%clk 0:00:26]} Kg3 {[%clk 0:00:16]} 57. Bc8 {[%clk 0:00:26]} Nf2
{[%clk 0:00:15]} 0-1

[Event "Blitz 2018"]
[Site "Saint-Petersburg"]
[Date "2018.12.29"]
[Round "6"]
[Board "37"]
[White "Sanal Vahap (TUR)"]
[Black "Savchenko Boris (RUS)"]
[Result "1-0"]
[LiveChessVersion "1.4.8"]
[BlackElo "2639"]
[WhiteElo "2488"]

1. e4 {[%clk 0:03:02]} e6 {[%clk 0:03:02]} 2. d4 {[%clk 0:03:02]} d5
{[%clk 0:03:02]} 3. Nd2 {[%clk 0:03:03]} Be7 {[%clk 0:03:02]} 4. Ngf3
{[%clk 0:03:01]} c5 {[%clk 0:03:01]} 5. exd5 {[%clk 0:03:00]} Qxd5
{[%clk 0:03:00]} 6. Bc4 {[%clk 0:02:57]} Qh5 {[%clk 0:02:53]} 7. dxc5
{[%clk 0:02:56]} Nf6 {[%clk 0:02:49]} 8. b4 {[%clk 0:02:46]} a5 {[%clk 0:02:49]}
9. c3 {[%clk 0:02:45]} Nc6 {[%clk 0:02:49]} 10. Rb1 {[%clk 0:02:41]} e5
{[%clk 0:02:40]} 11. Qe2 {[%clk 0:02:24]} e4 {[%clk 0:02:34]} 12. Nd4
{[%clk 0:02:18]} Bg4 {[%clk 0:02:26]} 13. Qe3 {[%clk 0:02:17]} Ne5
{[%clk 0:01:56]} 14. Bb5+ {[%clk 0:02:18]} Kf8 {[%clk 0:01:57]} 15. O-O
{[%clk 0:01:59]} Nd5 {[%clk 0:01:45]} 16. Qxe4 {[%clk 0:01:51]} Nxc3
{[%clk 0:01:45]} 17. Qxb7 {[%clk 0:01:52]} Rd8 {[%clk 0:01:46]} 18. Rb3
{[%clk 0:01:34]} axb4 {[%clk 0:01:44]} 19. c6 {[%clk 0:01:13]} Rxd4
{[%clk 0:01:41]} 20. c7 {[%clk 0:01:02]} Nxb5 {[%clk 0:01:40]} 21. Qb8+
{[%clk 0:00:55]} Bd8 {[%clk 0:01:40]} 1-0

[Event "Blitz 2018"]
[Site "Saint-Petersburg"]
[Date "2018.12.29"]
[Round "6"]
[Board "38"]
[White "Kabanov Nikolai (RUS)"]
[Black "Roiz Michael (ISR)"]
[Result "1/2-1/2"]
[LiveChessVersion "1.4.8"]
[BlackElo "2617"]
[WhiteElo "2311"]

1. e4 {[%clk 0:03:03]} e5 {[%clk 0:03:03]} 2. Nf3 {[%clk 0:03:02]} Nc6
{[%clk 0:03:04]} 3. Nc3 {[%clk 0:03:03]} Nf6 {[%clk 0:03:05]} 4. Bc4
{[%clk 0:03:04]} Bc5 {[%clk 0:03:01]} 5. d3 {[%clk 0:03:03]} O-O {[%clk 0:02:59]}
6. Bg5 {[%clk 0:03:02]} Be7 {[%clk 0:02:58]} 7. O-O {[%clk 0:02:53]} d6
{[%clk 0:02:59]} 8. h3 {[%clk 0:02:52]} Be6 {[%clk 0:02:55]} 9. Bb3
{[%clk 0:02:41]} h6 {[%clk 0:02:45]} 10. Bxf6 {[%clk 0:02:41]} Bxf6
{[%clk 0:02:46]} 11. Nd5 {[%clk 0:02:40]} Na5 {[%clk 0:02:09]} 12. Ba4
{[%clk 0:02:26]} a6 {[%clk 0:01:47]} 13. c3 {[%clk 0:02:23]} c5 {[%clk 0:01:29]}
14. Bc2 {[%clk 0:02:04]} Nc6 {[%clk 0:01:30]} 15. a4 {[%clk 0:01:58]} Bxd5
{[%clk 0:01:28]} 16. exd5 {[%clk 0:01:59]} Ne7 {[%clk 0:01:29]} 17. Bb3
{[%clk 0:01:50]} g6 {[%clk 0:01:24]} 18. Re1 {[%clk 0:01:45]} Bg7
{[%clk 0:01:25]} 19. d4 {[%clk 0:01:44]} exd4 {[%clk 0:01:15]} 20. cxd4
{[%clk 0:01:44]} Nf5 {[%clk 0:00:58]} 21. dxc5 {[%clk 0:01:43]} dxc5
{[%clk 0:01:00]} 22. Qc2 {[%clk 0:01:37]} Qd6 {[%clk 0:00:54]} 23. a5
{[%clk 0:01:30]} Rfe8 {[%clk 0:00:53]} 24. Bc4 {[%clk 0:01:26]} Nd4
{[%clk 0:00:46]} 25. Nxd4 {[%clk 0:01:25]} Bxd4 {[%clk 0:00:47]} 26. Qd2
{[%clk 0:01:15]} Kg7 {[%clk 0:00:47]} 27. Ra3 {[%clk 0:01:07]} Re7
{[%clk 0:00:39]} 28. Rxe7 {[%clk 0:01:05]} Qxe7 {[%clk 0:00:40]} 29. Rb3
{[%clk 0:00:58]} Rd8 {[%clk 0:00:36]} 30. Rb6 {[%clk 0:00:55]} Rd6
{[%clk 0:00:36]} 31. Rxd6 {[%clk 0:00:48]} Qxd6 {[%clk 0:00:38]} 32. b3
{[%clk 0:00:47]} Qf6 {[%clk 0:00:33]} 33. Qe2 {[%clk 0:00:35]} h5
{[%clk 0:00:33]} 34. g3 {[%clk 0:00:34]} h4 {[%clk 0:00:32]} 35. gxh4
{[%clk 0:00:32]} Qxh4 {[%clk 0:00:29]} 36. Qf3 {[%clk 0:00:26]} Qg5+
{[%clk 0:00:27]} 37. Kf1 {[%clk 0:00:26]} Qc1+ {[%clk 0:00:23]} 38. Kg2
{[%clk 0:00:27]} Qg5+ {[%clk 0:00:24]} 39. Kf1 {[%clk 0:00:29]} Qc1+
{[%clk 0:00:17]} 40. Kg2 {[%clk 0:00:30]} Qg5+ {[%clk 0:00:18]} 41. Kf1
{[%clk 0:00:32]} Be5 {[%clk 0:00:14]} 42. d6 {[%clk 0:00:32]} Qf6
{[%clk 0:00:12]} 43. Qxf6+ {[%clk 0:00:26]} Kxf6 {[%clk 0:00:13]} 44. d7
{[%clk 0:00:27]} Bc7 {[%clk 0:00:14]} 45. Bd5 {[%clk 0:00:28]} Bxa5
{[%clk 0:00:14]} 46. Bxb7 {[%clk 0:00:29]} Ke7 {[%clk 0:00:15]} 47. Bxa6
{[%clk 0:00:30]} 1/2-1/2

[Event "Blitz 2018"]
[Site "Saint-Petersburg"]
[Date "2018.12.29"]
[Round "6"]
[Board "39"]
[White "Oganian Miran (RUS)"]
[Black "Sarana Alexey (RUS)"]
[Result "1/2-1/2"]
[LiveChessVersion "1.4.8"]
[BlackElo "2616"]
[WhiteElo "2326"]

1. b3 {[%clk 0:03:03]} Nf6 {[%clk 0:03:03]} 2. Bb2 {[%clk 0:03:05]} g6
{[%clk 0:03:04]} 3. Bxf6 {[%clk 0:03:06]} exf6 {[%clk 0:03:05]} 4. d4
{[%clk 0:03:07]} f5 {[%clk 0:03:05]} 5. e3 {[%clk 0:03:08]} Bg7 {[%clk 0:03:06]}
6. g3 {[%clk 0:03:08]} d6 {[%clk 0:03:07]} 7. Bg2 {[%clk 0:03:08]} Nd7
{[%clk 0:03:08]} 8. Ne2 {[%clk 0:03:07]} Nf6 {[%clk 0:03:08]} 9. O-O
{[%clk 0:03:06]} h5 {[%clk 0:03:09]} 10. c4 {[%clk 0:03:05]} h4 {[%clk 0:03:08]}
11. Nd2 {[%clk 0:03:01]} Ng4 {[%clk 0:03:03]} 12. Nf3 {[%clk 0:02:59]} hxg3
{[%clk 0:02:37]} 13. hxg3 {[%clk 0:02:59]} c6 {[%clk 0:02:38]} 14. Re1
{[%clk 0:02:48]} Bd7 {[%clk 0:02:38]} 15. Nf4 {[%clk 0:02:44]} Qa5
{[%clk 0:02:24]} 16. b4 {[%clk 0:02:31]} Qxb4 {[%clk 0:02:10]} 17. Rb1
{[%clk 0:02:33]} Qa5 {[%clk 0:02:11]} 18. Rxb7 {[%clk 0:02:30]} Bc8
{[%clk 0:02:12]} 19. Rb2 {[%clk 0:01:57]} O-O {[%clk 0:02:11]} 20. Qd2
{[%clk 0:01:43]} Qa6 {[%clk 0:02:05]} 21. Rc1 {[%clk 0:01:39]} Bd7
{[%clk 0:02:06]} 22. c5 {[%clk 0:01:25]} dxc5 {[%clk 0:01:55]} 23. Rxc5
{[%clk 0:01:23]} Rab8 {[%clk 0:01:56]} 24. Rc1 {[%clk 0:00:44]} Rb6
{[%clk 0:01:37]} 25. Bf1 {[%clk 0:00:26]} Qa3 {[%clk 0:01:37]} 26. Rbc2
{[%clk 0:00:18]} Rfb8 {[%clk 0:01:33]} 27. Bc4 {[%clk 0:00:18]} Qd6
{[%clk 0:01:34]} 28. Ng5 {[%clk 0:00:11]} Be8 {[%clk 0:01:31]} 29. Bb3
{[%clk 0:00:10]} Bf6 {[%clk 0:01:17]} 30. Nf3 {[%clk 0:00:11]} Be7
{[%clk 0:00:49]} 31. Kg2 {[%clk 0:00:12]} g5 {[%clk 0:00:48]} 32. Nd3
{[%clk 0:00:14]} Kg7 {[%clk 0:00:41]} 33. Nde5 {[%clk 0:00:12]} f6
{[%clk 0:00:41]} 34. Nc4 {[%clk 0:00:11]} Qd8 {[%clk 0:00:42]} 35. Nxb6
{[%clk 0:00:12]} axb6 {[%clk 0:00:43]} 36. Rxc6 {[%clk 0:00:10]} Bxc6
{[%clk 0:00:41]} 37. Rxc6 {[%clk 0:00:12]} Bd6 {[%clk 0:00:36]} 38. Qc2
{[%clk 0:00:12]} f4 {[%clk 0:00:34]} 39. Qf5 {[%clk 0:00:09]} Nh6
{[%clk 0:00:27]} 40. Qe6 {[%clk 0:00:10]} Bf8 {[%clk 0:00:22]} 41. exf4
{[%clk 0:00:08]} gxf4 {[%clk 0:00:23]} 42. Rc1 {[%clk 0:00:06]} fxg3
{[%clk 0:00:24]} 43. fxg3 {[%clk 0:00:05]} Qd6 {[%clk 0:00:21]} 44. Rh1
{[%clk 0:00:03]} Rd8 {[%clk 0:00:12]} 45. Qxd6 {[%clk 0:00:04]} Bxd6
{[%clk 0:00:13]} 46. Be6 {[%clk 0:00:03]} Ra8 {[%clk 0:00:13]} 47. Rc1
{[%clk 0:00:04]} b5 {[%clk 0:00:10]} 48. Rc6 {[%clk 0:00:06]} Rd8
{[%clk 0:00:10]} 49. Rb6 {[%clk 0:00:07]} f5 {[%clk 0:00:05]} 50. Rxb5
{[%clk 0:00:08]} Kf6 {[%clk 0:00:06]} 51. Bb3 {[%clk 0:00:08]} Rc8
{[%clk 0:00:03]} 52. Rb6 Rd8 53. Ne5 {[%clk 0:00:10]} Kg5 {[%clk 0:00:06]} 54.
Nf3+ Kf6 55. a4 {[%clk 0:00:07]} Ke7 {[%clk 0:00:09]} 56. a5 {[%clk 0:00:07]} Ng4
{[%clk 0:00:10]} 57. a6 {[%clk 0:00:07]} Rb8 {[%clk 0:00:05]} 58. a7
{[%clk 0:00:05]} Rxb6 {[%clk 0:00:06]} 59. a8=Q {[%clk 0:00:06]} Rxb3
{[%clk 0:00:08]} 60. Qa7+ {[%clk 0:00:06]} Kf6 {[%clk 0:00:07]} 61. Qa2
{[%clk 0:00:06]} Re3 {[%clk 0:00:07]} 62. Ne5 {[%clk 0:00:04]} Bxe5
{[%clk 0:00:04]} 63. dxe5+ Rxe5 {[%clk 0:00:05]} 64. Qa6+ {[%clk 0:00:04]} Kg5
{[%clk 0:00:07]} 65. Qa2 {[%clk 0:00:05]} Re8 {[%clk 0:00:06]} 66. Qd2+
{[%clk 0:00:06]} Kg6 {[%clk 0:00:08]} 67. Kf3 {[%clk 0:00:07]} Nf6
{[%clk 0:00:09]} 68. Qd6 {[%clk 0:00:06]} Re4 {[%clk 0:00:10]} 69. Kg2
{[%clk 0:00:05]} Re2+ {[%clk 0:00:11]} 70. Kf3 {[%clk 0:00:06]} Rc2
{[%clk 0:00:12]} 71. Qa6 {[%clk 0:00:06]} Kg5 {[%clk 0:00:11]} 72. Ke3
{[%clk 0:00:04]} Ng4+ {[%clk 0:00:11]} 73. Kd3 {[%clk 0:00:04]} Rg2
{[%clk 0:00:11]} 74. Qd6 {[%clk 0:00:04]} Nf6 {[%clk 0:00:11]} 75. Qf4+ Kg6 76.
Qd6 {[%clk 0:00:03]} Rd2+ {[%clk 0:00:13]} 77. Kxd2 {[%clk 0:00:04]} Ne4+
{[%clk 0:00:14]} 1/2-1/2

[Event "Blitz 2018"]
[Site "Saint-Petersburg"]
[Date "2018.12.29"]
[Round "6"]
[Board "40"]
[White "Tari Aryan (NOR)"]
[Black "Salgado Lopez Ivan (ESP)"]
[Result "1-0"]
[LiveChessVersion "1.4.8"]
[BlackElo "2513"]
[WhiteElo "2608"]

1. e4 {[%clk 0:03:03]} c6 {[%clk 0:03:04]} 2. Nc3 {[%clk 0:02:52]} d5
{[%clk 0:03:04]} 3. Nf3 {[%clk 0:02:52]} dxe4 {[%clk 0:03:04]} 4. Nxe4
{[%clk 0:02:53]} Nf6 {[%clk 0:03:05]} 5. Qe2 {[%clk 0:02:55]} Nxe4
{[%clk 0:03:03]} 6. Qxe4 {[%clk 0:02:55]} Qd5 {[%clk 0:03:04]} 7. Qf4
{[%clk 0:02:53]} Qf5 {[%clk 0:03:01]} 8. Qe3 {[%clk 0:02:46]} Qe6
{[%clk 0:03:02]} 9. b3 {[%clk 0:02:41]} Qxe3+ {[%clk 0:03:01]} 10. fxe3
{[%clk 0:02:42]} a5 {[%clk 0:03:02]} 11. Bb2 {[%clk 0:02:25]} f6 {[%clk 0:03:02]}
12. d4 {[%clk 0:02:23]} Bf5 {[%clk 0:02:54]} 13. Kd2 {[%clk 0:02:22]} Na6
{[%clk 0:02:48]} 14. a3 {[%clk 0:02:17]} Nc7 {[%clk 0:02:45]} 15. c4
{[%clk 0:02:14]} e6 {[%clk 0:02:28]} 16. Bd3 {[%clk 0:02:09]} Bxd3
{[%clk 0:02:27]} 17. Kxd3 {[%clk 0:02:10]} a4 {[%clk 0:02:23]} 18. b4
{[%clk 0:02:06]} Be7 {[%clk 0:02:24]} 19. g4 {[%clk 0:01:57]} O-O-O
{[%clk 0:02:21]} 20. Rac1 {[%clk 0:01:47]} e5 {[%clk 0:02:14]} 21. Ke2
{[%clk 0:01:34]} exd4 {[%clk 0:02:13]} 22. Nxd4 {[%clk 0:01:20]} Rhe8
{[%clk 0:02:13]} 23. Nf5 {[%clk 0:01:19]} Bf8 {[%clk 0:02:12]} 24. h4
{[%clk 0:01:09]} Rd7 {[%clk 0:01:51]} 25. Rcd1 {[%clk 0:01:01]} g6
{[%clk 0:01:36]} 26. Rxd7 {[%clk 0:00:59]} Kxd7 {[%clk 0:01:37]} 27. Rd1+
{[%clk 0:00:59]} Ke6 {[%clk 0:01:38]} 28. Ng3 {[%clk 0:00:57]} Be7
{[%clk 0:01:06]} 29. Ne4 {[%clk 0:00:58]} h6 {[%clk 0:00:41]} 30. Kf3
{[%clk 0:00:38]} Rf8 {[%clk 0:00:27]} 31. Bd4 {[%clk 0:00:23]} f5
{[%clk 0:00:27]} 32. Nc5+ {[%clk 0:00:24]} Kf7 {[%clk 0:00:11]} 33. Nxb7
{[%clk 0:00:25]} Ne6 {[%clk 0:00:11]} 34. Be5 {[%clk 0:00:16]} fxg4+
{[%clk 0:00:05]} 35. Kxg4 {[%clk 0:00:17]} h5+ {[%clk 0:00:07]} 36. Kg3
{[%clk 0:00:18]} Ke8 {[%clk 0:00:04]} 37. Nd6+ {[%clk 0:00:19]} Bxd6
{[%clk 0:00:04]} 38. Rxd6 {[%clk 0:00:20]} Ke7 {[%clk 0:00:05]} 39. Rxc6
{[%clk 0:00:20]} Rf5 {[%clk 0:00:07]} 40. Bf4 {[%clk 0:00:20]} Rf8
{[%clk 0:00:03]} 41. c5 {[%clk 0:00:19]} Nxf4 {[%clk 0:00:03]} 42. exf4
{[%clk 0:00:20]} Rd8 {[%clk 0:00:04]} 43. Rd6 {[%clk 0:00:18]} Re8
{[%clk 0:00:05]} 44. Rxg6 {[%clk 0:00:19]} 1-0

[Event "Blitz 2018"]
[Site "Saint-Petersburg"]
[Date "2018.12.29"]
[Round "6"]
[Board "41"]
[White "Sychev Klementy (RUS)"]
[Black "Nihal Sarin (IND)"]
[Result "0-1"]
[LiveChessVersion "1.4.8"]
[BlackElo "2506"]
[WhiteElo "2594"]

1. Nf3 {[%clk 0:03:03]} c5 {[%clk 0:03:01]} 2. e4 {[%clk 0:03:04]} d6
{[%clk 0:03:02]} 3. Nc3 {[%clk 0:03:03]} Nc6 {[%clk 0:02:58]} 4. d4
{[%clk 0:03:04]} cxd4 {[%clk 0:02:59]} 5. Nxd4 {[%clk 0:03:05]} Nf6
{[%clk 0:03:01]} 6. Bg5 {[%clk 0:03:06]} e6 {[%clk 0:03:01]} 7. Bb5
{[%clk 0:03:07]} Bd7 {[%clk 0:03:01]} 8. Bxc6 {[%clk 0:03:07]} bxc6
{[%clk 0:02:57]} 9. Qf3 {[%clk 0:03:08]} e5 {[%clk 0:02:35]} 10. Nf5
{[%clk 0:03:09]} Bxf5 11. Qxf5 {[%clk 0:03:10]} Qd7 {[%clk 0:02:37]} 12. Qf3
{[%clk 0:03:05]} Be7 {[%clk 0:02:38]} 13. O-O {[%clk 0:03:00]} O-O
{[%clk 0:02:38]} 14. Rfd1 {[%clk 0:02:51]} Rfd8 {[%clk 0:02:31]} 15. Rd3
{[%clk 0:02:46]} h6 {[%clk 0:02:14]} 16. Bh4 {[%clk 0:02:44]} Ne8
{[%clk 0:02:05]} 17. Bg3 {[%clk 0:02:19]} Qe6 {[%clk 0:02:04]} 18. b3
{[%clk 0:02:14]} Rd7 {[%clk 0:01:56]} 19. Rad1 {[%clk 0:02:14]} Rad8
{[%clk 0:01:57]} 20. Qe2 {[%clk 0:02:08]} Nf6 {[%clk 0:01:52]} 21. Na4
{[%clk 0:02:04]} g6 {[%clk 0:01:04]} 22. c4 {[%clk 0:01:40]} Nh5 {[%clk 0:01:03]}
23. Nc3 {[%clk 0:01:37]} Nxg3 {[%clk 0:00:54]} 24. Rxg3 {[%clk 0:01:31]} Rb7
{[%clk 0:00:38]} 25. Qd2 {[%clk 0:01:19]} h5 {[%clk 0:00:36]} 26. Rd3
{[%clk 0:01:16]} Rbb8 {[%clk 0:00:36]} 27. Qe2 {[%clk 0:01:13]} Kg7
{[%clk 0:00:36]} 28. R3d2 {[%clk 0:01:13]} Bg5 {[%clk 0:00:36]} 29. Rd3
{[%clk 0:01:12]} Be7 {[%clk 0:00:37]} 30. Na4 {[%clk 0:01:09]} f5
{[%clk 0:00:23]} 31. exf5 {[%clk 0:00:56]} Qxf5 {[%clk 0:00:23]} 32. Nc3
{[%clk 0:00:53]} Qe6 {[%clk 0:00:24]} 33. Qe4 {[%clk 0:00:52]} Rbc8
{[%clk 0:00:23]} 34. b4 {[%clk 0:00:37]} Qf5 {[%clk 0:00:17]} 35. a3
{[%clk 0:00:33]} Qxe4 {[%clk 0:00:12]} 36. Nxe4 {[%clk 0:00:34]} d5
{[%clk 0:00:14]} 37. Nd2 {[%clk 0:00:29]} Kf6 {[%clk 0:00:08]} 38. g3
{[%clk 0:00:28]} Ke6 {[%clk 0:00:09]} 39. Rc1 {[%clk 0:00:22]} e4
{[%clk 0:00:06]} 40. Rdc3 {[%clk 0:00:13]} d4 {[%clk 0:00:04]} 41. Rb3
{[%clk 0:00:13]} Bg5 {[%clk 0:00:05]} 42. Rd1 {[%clk 0:00:09]} Bxd2 43. Rxd2
{[%clk 0:00:10]} Ke5 {[%clk 0:00:07]} 44. Kf1 {[%clk 0:00:07]} c5
{[%clk 0:00:08]} 45. Ke2 {[%clk 0:00:06]} cxb4 {[%clk 0:00:09]} 46. Rxb4
{[%clk 0:00:07]} Rc5 {[%clk 0:00:10]} 47. Rdb2 {[%clk 0:00:07]} Rdc8
{[%clk 0:00:11]} 48. Rb5 {[%clk 0:00:08]} Ke6 {[%clk 0:00:11]} 49. Rxc5
{[%clk 0:00:09]} Rxc5 {[%clk 0:00:12]} 50. Rb4 {[%clk 0:00:10]} Ke5
{[%clk 0:00:13]} 51. Kd2 {[%clk 0:00:10]} g5 {[%clk 0:00:13]} 52. h3
{[%clk 0:00:11]} a5 {[%clk 0:00:09]} 53. Rb5 {[%clk 0:00:11]} Rxb5
{[%clk 0:00:08]} 54. cxb5 {[%clk 0:00:03]} a4 55. f4+ exf3 {[%clk 0:00:09]} 56.
g4 {[%clk 0:00:03]} hxg4 57. hxg4 Kd5 {[%clk 0:00:10]} 58. Ke1 {[%clk 0:00:05]}
d3 {[%clk 0:00:12]} 0-1